Cities, war, and terrorism : towards an urban geopolitics

Αποθηκεύτηκε σε:
Λεπτομέρειες βιβλιογραφικής εγγραφής
Άλλοι συγγραφείς: Graham, Stephen 1965- (Επιμελητής έκδοσης)
Μορφή: Βιβλίο
Γλώσσα:English
Δημοσίευση: Malden, MA : Blackwell Publishing, c2004
Σειρά:Studies in urban and social change
Θέματα:
Ετικέτες: Προσθήκη ετικέτας
Δεν υπάρχουν, Καταχωρήστε ετικέτα πρώτοι!

MARC

LEADER 00000nam a2200000 i 4500
001 1/90874
008 080711s2004 eng d
020 |a 978-1-4051-1575-9 (pbk.) 
035 |l 10098889 
040 |a GR-MY-UA  |b gre  |e aacr 
041 0 |a eng 
082 0 |a 307.76  |2 (22) 
245 1 0 |a Cities, war, and terrorism :  |b towards an urban geopolitics /  |c edited by Stephen Graham 
260 |a Malden, MA :   |b Blackwell Publishing,   |c c2004 
300 |a xxiii, 384 σ.;  |b εικ., χάρτες;  |c 24 εκ. 
490 1 |a Studies in urban and social change 
504 |a Βιβλιογραφία: σ. [335]-370 
504 |a Ευρετήριο: σ. [371]-384 
650 0 0 |a Cities and towns. 
650 0 0 |a Urban warfare. 
650 0 0 |a Terrorism. 
700 1 |a Graham, Stephen  |d 1965-  |4 edt 
830 0 |a Studies in urban and social change 
852 |a INST  |b LESVOS  |e 20080711  |h 307.76 CIT  |p 005100041748  |q 005100041748  |t BK  |y 0 
901 |a BIBL1-2008-2 
909 |a Λ  |b 143232 
922 |a 1ΕΛΗ  |b 200712  |c ΕΠΕΑΕΚ2/ΤΓ  |d ΠΑΠΑΣΩΤΗΡΙΟΥ 
970 |a ΚΑΡΑ  |b ΓΙΑΣΕΜΗ  |z 2008/07/11